Online
Catalog

Isla flaubert / (Record no. 13338)

MARC details
000 -CABECERA
campo de control de longitud fija 00802nam a2200253 a 4500
001 - NÚMERO DE CONTROL
campo de control 000013725
005 - FECHA Y HORA DE LA ÚLTIMA TRANSACCIÓN
campo de control 20200929163326.0
008 - DATOS DE LONGITUD FIJA--INFORMACIÓN GENERAL
campo de control de longitud fija 091128s1990 sp 000 f spa d
020 ## - NÚMERO INTERNACIONAL ESTÁNDAR DEL LIBRO
Número Internacional Estándar del Libro 8423318737
040 ## - FUENTE DE LA CATALOGACIÓN
Centro catalogador/agencia de origen DO-SdBNP
Lengua de catalogación spa
Centro/agencia transcriptor BNPHU
041 17 - CÓDIGO DE LENGUA
Código de lengua del texto/banda sonora o título independiente spa
Código de lengua original glg
Fuente del código Código de idioma MARC
082 ## - NÚMERO DE LA CLASIFICACIÓN DECIMAL DEWEY
Número de clasificación NNNN
Número de documento/Ítem R558i
049 ## - FONDOS LOCALES (OCLC)
Fondos de biblioteca BNGR
100 1# - ENTRADA PRINCIPAL--NOMBRE DE PERSONA
Nombre de persona Riera, Miquel Ángel,
Fechas asociadas al nombre 1930-
9 (RLIN) 31165
240 10 - TÍTULO UNIFORME
Título uniforme Illa flaubert,
Lenguaje de la obra español
245 10 - MENCIÓN DE TÍTULO
Título Isla flaubert /
Mención de responsabilidad, etc. Miquel Ángel Riera ; traductor, Basilio Losada.
260 ## - PUBLICACIÓN, DISTRIBUCIÓN, ETC.
Lugar de publicación, distribución, etc. Barcelona :
Nombre del editor, distribuidor, etc. Destino,
Fecha de publicación, distribución, etc. 1990.
300 ## - DESCRIPCIÓN FÍSICA
Extensión 239 p. ;
Dimensiones 21 cm.
490 1# - MENCIÓN DE SERIE
Mención de serie Áncora y Delfín
Designación de volumen o secuencia 658
534 ## - NOTA SOBRE LA VERSIÓN ORIGINAL
Frase introductoria Título original en gallego:
Mención de título del original Illa flaubert
586 ## - NOTA DE PREMIOS
Nota de premios Premio Josep Pla 1990
700 1# - PUNTO DE ACCESO ADICIONAL--NOMBRE DE PERSONA
Nombre de persona Losada Basilio,
Término indicativo de función/relación tr.
9 (RLIN) 12953
830 #0 - PUNTO DE ACCESO ADICIONAL DE SERIE-TÍTULO UNIFORME
Título uniforme Áncora y Delfín ;
Designación de volumen o secuencia 658
9 (RLIN) 5000
Holdings
Estado de retiro Estado de pérdida Restricciones de uso No para préstamo Código de colección Localización permanente Ubicación/localización actual Ubicación en estantería Fecha de adquisición Número de inventario Total de préstamos Signatura topográfica completa Código de barras Fecha visto por última vez Precio válido a partir de Tipo de ítem Koha
    Préstamo interno   Monografías: Libros y Folletos General General En catalogación 28.11.2009 LF1   NNNN R558i 13725-10 25.06.2020 25.06.2020 Préstamo interno

Powered by Koha